000 00965nam a2200289Ia 4500
001 A8158
003 IT-RoPAU
008 130308s9999 xx 000 0 und d
040 _aIT-RoPAU
040 _cIT-RoPAU
041 _aITALIANO
100 _aSovernigo Giuseppe
100 _gCodice Aut. SPICS: 36384
245 _aEfficacia della parola di Dio celebrata (L'). Aspetti personali
245 _bDall'Esegesi All'Ermeneutica Attraverso la Celebrazione-Bibbia e Liturgia (1)
250 _a1a ed.
260 _aPADOVA
260 _bMessaggero
260 _c1991 [1° Ed.:1991 - Ed.Ling.Originale:1991]
300 _a"10 p. (prefazione: no ; testo: 10 [pagine: 295-304])"
500 _aEfficacia e livelli di Ascolto della Parola. Luogo di Ascolto e Tipo di Personalità. per un Ascolto Efficace della Parola Celebrata.
650 _aLITURGIA E DRAMMATURGIA
650 _eCodice materia Spics: 9162
942 _cBK
957 _71
999 _c86963
_d86963
999 _g1